[Event "Chennai Murali Mohan Memorial 2nd"]
[Site "Chennai"]
[Date "2023.07.15"]
[Round "2"]
[White "Arnav, Maheshwari"]
[Black "Krishnan, Balagopalan"]
[Result "1-0"]
[WhiteElo "1990"]
[BlackElo "1195"]
[PlyCount "65"]
[EventDate "2023.07.15"]
[EventType "swiss (rapid)"]
[EventRounds "9"]
[EventCountry "IND"]
[SourceTitle "CBM 215 Extra"]
[Source "ChessBase"]
[SourceDate "2023.09.30"]
[SourceVersion "1"]
[SourceVersionDate "2023.09.30"]
[SourceQuality "1"]

1. e4 e5 2. Nf3 Nc6 3. Bc4 Bc5 4. 0-0 Nf6 5. d3 0-0 6. h3 Na5 7. Nxe5 d6 8. Nxf7 Rxf7 9. Bxf7+ Kxf7 10. c3 Bb6 11. Nd2 Be6 12. Kh1 Qd7 13. Nf3 h6 14. Be3 Bxe3 15. fxe3 Kg8 16. Qc2 Nh5 17. Kh2 Nc6 18. Qe2 Bf7 19. Nd4 Nf6 20. Nf5 d5 21. Nxh6+ Kf8 22. Nxf7 Kxf7 23. exd5 Qxd5 24. e4 Qe5+ 25. Kh1 Kg8 26. Rf5 Qe6 27. Raf1 Ne7 28. Rg5 Nh7 29. Rg3 Re8 30. Qe3 Nf6 31. Qg5 Qf7 32. Rxf6 Qxf6 33. Qxf6 1-0